[Event "Moscow op-B (Women)"]
[Site "Moscow"]
[Date "2015.02.01"]
[Round "2"]
[White "Lopata, Christina"]
[Black "Kozina, Anastasia"]
[Result "0-1"]
[WhiteElo "1612"]
[BlackElo "1897"]
[PlyCount "82"]
[EventDate "2015.01.31"]
[EventType "swiss"]
[EventRounds "9"]
[EventCountry "RUS"]
[SourceTitle "CBM 164 Extra"]
[Source "ChessBase"]
[SourceDate "2015.03.02"]
[SourceVersion "1"]
[SourceVersionDate "2015.03.02"]
[SourceQuality "1"]

1. d4 e6 2. c4 Nf6 3. Nc3 Bb4 4. Qc2 0-0 5. Bg5 h6 6. Bh4 c5 7. dxc5 Bxc5 8. e4 d6 9. Rd1 Nbd7 10. Nf3 Qc7 11. Be2 a6 12. 0-0 Re8 13. a3 d5 14. exd5 exd5 15. Nxd5 Nxd5 16. Rxd5 b5 17. b4 Bf8 18. c5 Bb7 19. Rd2 Be4 20. Qd1 Nf6 21. Bxf6 gxf6 22. Rd7 Qc6 23. Qd2 Qe6 24. Bd1 a5 25. Rd4 axb4 26. axb4 f5 27. Ne1 Ra2 28. Qe3 Qf6 29. Qg3+ Kh8 30. Rd7 Bc6 31. Rd3 Ra1 32. f4 Ra2 33. Bf3 Be4 34. Bxe4 fxe4 35. Rb3 Bg7 36. Qe3 Qf5 37. h3 Qd5 38. Qg3 Qc4 39. Nc2 Rxc2 40. Rbb1 Qd3 41. Qg4 e3 0-1